|
|
|
|
| LEADER |
00000nam0a2200000 4500 |
| 001 |
27990 |
| 005 |
20231030202600.0 |
| 010 |
|
|
|a 9854520056
|
| 035 |
|
|
|a (RuTPU)RU\TPU\book\28246
|
| 035 |
|
|
|a BOOK00028321
|
| 090 |
|
|
|a 27990
|
| 100 |
|
|
|a 20011209d2000 m y0rusy50 ca
|
| 101 |
0 |
|
|a rus
|
| 102 |
|
|
|a BY
|
| 105 |
|
|
|a a j 000zy
|
| 200 |
1 |
|
|a Технология электромонтажных работ
|e Лабораторный практикум
|f А. Н. Баран, Н. Г. Качан, А. М. Шедько
|
| 210 |
|
|
|a Минск
|c Дизайн ПРО
|d 2000
|
| 215 |
|
|
|a 208 с.
|c ил.
|
| 320 |
|
|
|a Библиогр.: с. 204-205.
|
| 610 |
1 |
|
|a электроэнергетика
|
| 610 |
1 |
|
|a электромонтажные работы
|
| 610 |
1 |
|
|a оборудование
|
| 610 |
1 |
|
|a материалы
|
| 610 |
1 |
|
|a инструменты
|
| 610 |
1 |
|
|a электропроводка
|
| 610 |
1 |
|
|a аппаратура
|
| 610 |
1 |
|
|a электрическое освещение
|
| 610 |
1 |
|
|a электроприводы
|
| 610 |
1 |
|
|a асинхронные электроприводы
|
| 610 |
1 |
|
|a учебные пособия
|
| 675 |
|
|
|a 621.31.002.72(076)
|v 3
|
| 700 |
|
1 |
|a Баран
|b А. Н.
|g Александр Николаевич
|
| 701 |
|
1 |
|a Качан
|b Н. Г.
|g Николай Григорьевич
|
| 701 |
|
1 |
|a Шедько
|b А. М.
|g Аркадий Мечиславович
|
| 801 |
|
0 |
|a BY
|b 63413507
|c 20011209
|g PSBO
|
| 801 |
|
2 |
|a RU
|b 63413507
|c 20150210
|g PSBO
|
| 942 |
|
|
|c BK
|